Focus (Record no. 78675)

MARC details
000 -LEADER
fixed length control field 01014cab a22002295a 4500
001 - CONTROL NUMBER
control field L137617
008 - FIXED-LENGTH DATA ELEMENTS--GENERAL INFORMATION
fixed length control field 070419e20070414xxkdo f 000 0 eng d
035 ## - SYSTEM CONTROL NUMBER
System control number (Sirsi) u137617
041 0# - LANGUAGE CODE
Language code of text/sound track or separate title eng
100 1# - MAIN ENTRY--PERSONAL NAME
Personal name Cunningham, Daniel
245 00 - TITLE STATEMENT
Title Focus
Remainder of title Essex
260 ## - PUBLICATION, DISTRIBUTION, ETC.
Date of publication, distribution, etc. 2007
490 #0 - SERIES STATEMENT
Series statement Estates Gazette
Volume/sequential designation (0715) 14 April 2007, 83-103(10)
520 ## - SUMMARY, ETC.
Summary, etc. Describes town centre regeneration projects in Basildon, Pitsea and Wickford. Prospects for office developments are analysed, finding that developers are confident despite a static market. Commercial developers of residential property are hoping to capitalise on the council's review of its portfolio. The industrial market promises stiff competition for sites. Competition among retail centres is described, with focus on Southend and Harlow.
590 ## - LOCAL NOTE (RLIN)
Local note KA
651 #4 - SUBJECT ADDED ENTRY--GEOGRAPHIC NAME
Geographic name ESSEX
690 ## - LOCAL SUBJECT ADDED ENTRY--TOPICAL TERM (OCLC, RLIN)
Topical term or geographic name as entry element PROPERTY-COMMERCIAL PROPERTY-COMMERCIAL PROPERTY MARKET
700 1# - ADDED ENTRY--PERSONAL NAME
Personal name Robson, Claire
700 1# - ADDED ENTRY--PERSONAL NAME
Personal name Jack, Simon
700 1# - ADDED ENTRY--PERSONAL NAME
Personal name Cavanagh, Elaine
942 ## - ADDED ENTRY ELEMENTS (KOHA)
Suppress in OPAC 0
Holdings
Withdrawn status Lost status Source of classification or shelving scheme Damaged status Not for loan Home library Current library Shelving location Date acquired Total Checkouts Full call number Barcode Date last seen Copy number Price effective from Koha item type
    Dewey Decimal Classification     London London Journal article 19/04/2007   L137617 137617-1001 06/08/2019 1 06/08/2019 Journal article